Алгоритм семантического анализа документов с целью создания семантических метаописаний; Молодежь и современные информационные технологии; Т. 1

Manylion Llyfryddiaeth
Parent link:Молодежь и современные информационные технологии: сборник трудов XII Всероссийской научно-практической конференции студентов, аспирантов и молодых ученых, г. Томск, 12-14 ноября 2014 г./ Национальный исследовательский Томский политехнический университет (ТПУ), Институт кибернетики (ИК) ; ред. кол. Е. А. Сикора [и др.].— , 2014
Т. 1.— 2014.— [С. 86-87]
Prif Awdur: Губин М. Ю. Максим Юрьевич
Awdur Corfforaethol: Национальный исследовательский Томский политехнический университет (ТПУ) Институт кибернетики (ИК) Кафедра оптимизации систем управления (ОСУ)
Awduron Eraill: Тузовский А. Ф. Анатолий Федорович (научный руководитель)
Crynodeb:Заглавие с титульного экрана
Iaith:Rwseg
Cyhoeddwyd: 2014
Cyfres:Математическое моделирование и компьютерный анализ данных
Pynciau:
Mynediad Ar-lein:http://earchive.tpu.ru/handle/11683/20332
http://www.lib.tpu.ru/fulltext/c/2014/C04/V1/035.pdf
Fformat: Electronig Pennod Llyfr
KOHA link:https://koha.lib.tpu.ru/cgi-bin/koha/opac-detail.pl?biblionumber=610567

MARC

LEADER 00000naa2a2200000 4500
001 610567
005 20260407145255.0
035 |a (RuTPU)RU\TPU\conf\8182 
035 |a RU\TPU\conf\8177 
090 |a 610567 
100 |a 20150129d2014 k y0rusy50 ca 
101 0 |a rus 
102 |a RU 
135 |a drgn ---uucaa 
181 0 |a i  
182 0 |a b 
200 1 |a Алгоритм семантического анализа документов с целью создания семантических метаописаний  |f М. Ю. Губин  |g науч. рук. А. Ф. Тузовский 
203 |a Текст  |c электронный 
225 1 |a Математическое моделирование и компьютерный анализ данных 
300 |a Заглавие с титульного экрана 
320 |a [Библиогр.: с. 87 (8 назв.)] 
337 |a Adobe Reader 
461 1 |0 (RuTPU)RU\TPU\conf\7802  |t Молодежь и современные информационные технологии  |o сборник трудов XII Всероссийской научно-практической конференции студентов, аспирантов и молодых ученых, г. Томск, 12-14 ноября 2014 г.  |o в 2 т.  |f Национальный исследовательский Томский политехнический университет (ТПУ), Институт кибернетики (ИК) ; ред. кол. Е. А. Сикора [и др.]  |d 2014 
463 0 |0 (RuTPU)RU\TPU\conf\7790  |t Т. 1  |v [С. 86-87]  |d 2014 
610 1 |a труды учёных ТПУ 
610 1 |a электронный ресурс 
610 1 |a алгоритмы 
610 1 |a семантический анализ 
610 1 |a документы 
610 1 |a семантические метаописания 
700 1 |a Губин  |b М. Ю.  |c специалист в области оптимизации систем управления  |c ассистент Томского политехнического университета  |g Максим Юрьевич  |3 (RuTPU)RU\TPU\pers\27769 
702 1 |a Тузовский  |b А. Ф.  |c специалист в области информатики и вычислительной техники  |c профессор Томского политехнического университета, доктор технических наук  |f 1952-  |g Анатолий Федорович  |4 727 
712 0 2 |a Национальный исследовательский Томский политехнический университет (ТПУ)  |b Институт кибернетики (ИК)  |b Кафедра оптимизации систем управления (ОСУ)  |3 (RuTPU)RU\TPU\col\18702 
801 2 |a RU  |b 63413507  |c 20210317  |g RCR 
856 4 |u http://earchive.tpu.ru/handle/11683/20332 
856 4 |u http://www.lib.tpu.ru/fulltext/c/2014/C04/V1/035.pdf 
942 |c BK